Uso del contenedor en Costa Rica.
Wedi'i Gadw mewn:
| Prif Awdur: | |
|---|---|
| Fformat: | Llyfr |
| Cyhoeddwyd: |
San José, Costa Rica
1989
|
| Pynciau: | |
| Tagiau: |
Ychwanegu Tag
Dim Tagiau, Byddwch y cyntaf i dagio'r cofnod hwn!
|
MARC
| LEADER | 00000nam a2200000Ia 4500 | ||
|---|---|---|---|
| 003 | 004733 | ||
| 005 | 20221231144338.0 | ||
| 008 | 140114s1989 cr a m 000 ||s d | ||
| 040 | |c cru CEDI | ||
| 090 | |a TFG 2204 | ||
| 100 | |a Torre Rodríguez, Jorge Francisco |9 13290 | ||
| 245 | |a Uso del contenedor en Costa Rica. | ||
| 260 | |c 1989 |a San José, Costa Rica | ||
| 300 | |a viii, [155] hojas : ilustraciones ; 27 cm | ||
| 500 | |a Proyecto de graduacion (licenciatura en ingeniería civil)--Universidad de Costa Rica. Facultad de Ingeniería. Escuela de Ingeniería Civil | ||
| 650 | |x CONTENEDORES |9 13291 | ||
| 942 | |c TFG | ||
| 999 | |c 20491 |d 20491 | ||
